Central Library OPAC University of Rajshahi

World resources 1992-93 : (Record no. 23431)

MARC details
000 -LEADER
fixed length control field 01128mam a2200313 a 4500
001 - CONTROL NUMBER
control field 23431
003 - CONTROL NUMBER IDENTIFIER
rucl marc code BD-RjUL
005 - DATE AND TIME OF LATEST TRANSACTION
control field 20211209000929.0
008 - FIXED-LENGTH DATA ELEMENTS--GENERAL INFORMATION
fixed length control field 140310s1992 nyua 001 0 eng d
020 ## - INTERNATIONAL STANDARD BOOK NUMBER
International Standard Book Number 0195062310 (pbk.) :
International Standard Book Number 0195062302
035 ## - SYSTEM CONTROL NUMBER
System control number (BD-RjUL)23496
System control number (BD-RjUL)
040 ## - CATALOGING SOURCE
Original cataloging agency AZT
Transcribing agency AZT
Modifying agency KTU
-- NNC
Language of cataloging eng
041 ## - LANGUAGE CODE
Language code of text/sound track or separate title eng
082 ## - DEWEY DECIMAL CLASSIFICATION NUMBER
Classification number 901.9
Author mark and year WOR 1992
245 00 - TITLE STATEMENT
Title World resources 1992-93 :
Remainder of title a report /
Statement of responsibility, etc. by the World Resources Institute in collaboration with the United Nations Environment Programme and the United Nations Development Programme.
260 ## - PUBLICATION, DISTRIBUTION, ETC. (IMPRINT)
Place of publication, distribution, etc. New York :
Name of publisher, distributor, etc. Oxford University Press,
Date of publication, distribution, etc. 1992.
300 ## - PHYSICAL DESCRIPTION
Pagination xiv, 385 p. :
Illustrations ill. ;
Size 28 cm.
504 ## - BIBLIOGRAPHY, ETC. NOTE
Bibliography, etc Includes bibliographical references and index.
650 #0 - SUBJECT ADDED ENTRY--TOPICAL TERM
Topical term or geographic name as entry element Natural resources.
9 (RLIN) 72169
Topical term or geographic name as entry element Environmental policy.
9 (RLIN) 72170
Topical term or geographic name as entry element Economic policy
General subdivision Environmental aspects.
9 (RLIN) 72171
710 2# - ADDED ENTRY--CORPORATE NAME
Corporate name or jurisdiction name as entry element World Resources Institute.
9 (RLIN) 72172
Corporate name or jurisdiction name as entry element United Nations Environment Programme.
9 (RLIN) 21794
Corporate name or jurisdiction name as entry element United Nations Development Programme.
9 (RLIN) 72173
942 ## - ADDED ENTRY ELEMENTS (KOHA)
Source of classification or shelving scheme Dewey Decimal Classification
Koha item type Books
Holdings
Lost status Source of classification or shelving scheme Damaged status Not for loan Collection code Permanent Location Current Location Shelving location Date acquired Source of acquisition Cost, normal purchase price Total Checkouts Full call number Date last seen Copy number Koha item type
  Dewey Decimal Classification   Added to bundle Non-fiction Central Library, University of Rajshahi Central Library, University of Rajshahi Reading Room 14/08/1994 Aligrah Lib. Dhaka. 15.95   901.9 WOR 1992 10/03/2014 C-1 Books